|
|
|
|
| LEADER |
00000nam a22000007a 4500 |
| 005 |
20180511213734.0 |
| 007 |
cr|||| ||| |
| 008 |
180511s2018 es |||||s|||| 00||0 spa d |
| 020 |
|
|
|a 978-84-9148-583-4
|
| 035 |
|
|
|a 21656
|
| 040 |
|
|
|a vLex
|
| 090 |
|
|
|c 7945
|d 7945
|
| 100 |
1 |
|
|a Gonzl̀ez Ro̕s, Isabel
|
| 245 |
1 |
0 |
|a Servicios de interš general y proteccin̤ de los usuarios
|h [Recurso electrn̤ico] /
|c Isabel Gonzl̀ez Ro̕s
|
| 256 |
|
|
|a Servicio en ln̕ea
|
| 260 |
|
|
|a Madrid:
|b Dykinson,
|c 2018
|
| 300 |
|
|
|a 1 recurso electrn̤ico
|
| 506 |
1 |
|
|a Disponible solo en los productos indicados
|d vLex Global
|d vLex Global (Academic Edition, excluding Law Schools)
|d vLex Global (U.S. Academic Edition, Law Schools)
|d vLex Global (U.S. Academic Edition, excluding Law Schools)
|d vLex Global (Academic Edition, Law Schools)
|
| 650 |
0 |
4 |
|a Derecho Pb︢lico y Administrativo
|z Espaą
|
| 740 |
0 |
|
|a vLex Libros (Servicio en ln̕ea)
|
| 856 |
4 |
0 |
|u http://vlex.com/source/servicios-interes-general-proteccion-usuarios-educacion-sanidad-servicios-sociales-vivienda-energia-transportes-comunicaciones-electronicas-21656
|z Acceso restringido
|
| 942 |
|
|
|c BOOK
|
| 999 |
0 |
|
|a Public and Administrative Law
|